000 01121nam a22003377a 4500
003 CHAP
005 20220329143311.0
008 080506d2000 es r 00110 spa d
010 _a94655
011 _a95627
020 _a9588060141
035 _a106255
040 _cCHAP
082 0 4 _a624.1
_bU7
100 1 _aUribe Escamilla, Jairo
_9116924
245 1 0 _aAnálisis de estructuras
_c/por Jairo Uribe Escamilla
260 _aBogotá :
_bEscuela Colombiana de Ingeniería,
_c2000
300 _axvii 789 p. :
_bgráfs. ; cuadros
590 _aBATCH-UPD
_b10
_c20130110
_lUCH01
_h0600
590 _aBATCH-UPD
_b10
_c20130410
_lUCH01
_h0241
590 _aBATCH-UPD
_b10
_c20130914
_lUCH01
_h1036
590 _aCONVERSION
_b10
_c20130109
_lUCH01
_h1352
650 1 4 _aConstrucción de hierro y acero.
_927392
650 1 4 _aConstrucción.
_927383
650 1 4 _aDiseño en ingeniería.
_932730
650 1 4 _aEstructuras, teoría de las.
_938487
650 1 4 _aIngeniería de estructuras.
_958217
901 _aBK
942 _cLIBRO
949 _a624.1 U7
_bBC
_cLIBRO
_d33724002046652
_eLIBRO
_gI.c/e.
_h109472
_i106255
_si
_t$544.00
999 _c94655
_d94655